000 00624nam a22001937a 4500
005 20150922103847.0
010 _aENG-113792
020 _a9789351435013
_c2495.00
035 _aEN-97324
037 _bDBAD/PUB
082 _a345.54002632
100 _aSarkar, Prabhas C.
245 _aSarkar's criminal major acts :
_ba complete handbook /
_cby Prabhas C. Sarkar
250 _a8th ed
260 _aGurgaon
_bLexisNexis
_c2015
270 _a14th Floor, Building No.10, Tower-B, DLF Cyber City, Phase-II
_bGurgaon
_e122002
300 _avarious pagings
_c25cm(Hb)
942 _2ddc
_cEN
_mSAR
_h345.54002632
999 _c95513
_d95513